00647nam a2200145Ia 4500008004100000040001800041041000800059100002200067245019400089260008800283300001800371651003200389651005700421651002300478130821s1930 xxu gr spa  aCo-BoUCMbspa00aspa1 aRebolledo, Alvaro10aResena historico-política de la comunicación inter-oceanica con especial referencia a la separación de Panamá y a los arreglos entre los Estados Unidos y ColombiacAlvaro Rebolledo aSan Francisco (California, Estados Unidos)bEdiciones Hispano Américac1930cc1930 a352 páginas 7aCanal de PanamáxHistoria 7aPanamábRelaciones internacionaleszEstados Unidos 7aPanamáxHistoria